000 00475cam a2200205 4500
001 D7054
008 090401t1969 xxu||||| |||| 00| 0 eng d
035 _a(Sirsi) u4956
041 _aeng
050 _a346.41043
100 _aMegarry, Robert
_cSir
245 2 _aA manual of the law of real property
250 _a4th
260 _aLondon
_bStevens
_c1969
300 _ali. 652p. 12cm
350 _a4.75
700 _aBaker, P.V.
942 _n0
948 _c04/03/1997
999 _c86092
_d86092